The Koyukuk-Chandalar region, Alaska, (Record no. 25274)
[ view plain ]
| 000 -LEADER | |
|---|---|
| fixed length control field | 00754cam a22002291 4500 |
| 001 - CONTROL NUMBER | |
| control field | gs 13000482 |
| 003 - CONTROL NUMBER IDENTIFIER | |
| control field | DLC |
| 005 - DATE AND TIME OF LATEST TRANSACTION | |
| control field | 20260227111314.0 |
| 008 - FIXED-LENGTH DATA ELEMENTS--GENERAL INFORMATION | |
| fixed length control field | 780919s1913 dcufb b f000 0 eng c |
| 010 ## - LIBRARY OF CONGRESS CONTROL NUMBER | |
| LC control number | gs 13000482 |
| 035 ## - SYSTEM CONTROL NUMBER | |
| System control number | (OCoLC)4234322 |
| 040 ## - CATALOGING SOURCE | |
| Original cataloging agency | U.S. Geol. Survey. Library |
| Transcribing agency | TxU |
| Modifying agency | DLC |
| 042 ## - AUTHENTICATION CODE | |
| Authentication code | premarc |
| 050 00 - LIBRARY OF CONGRESS CALL NUMBER | |
| Classification number | TN24.A4 |
| Item number | M15 |
| 100 1# - MAIN ENTRY--PERSONAL NAME | |
| Personal name | Maddren, A. G. |
| Fuller form of name | (Alfred Geddes), |
| Dates associated with a name | 1875- |
| 245 14 - TITLE STATEMENT | |
| Title | The Koyukuk-Chandalar region, Alaska, |
| Statement of responsibility, etc. | by A.G. Maddren. |
| 260 ## - PUBLICATION, DISTRIBUTION, ETC. | |
| Place of publication, distribution, etc. | Washington, |
| Name of publisher, distributor, etc. | Govt. Print. Off., |
| Date of publication, distribution, etc. | 1913. |
| 300 ## - PHYSICAL DESCRIPTION | |
| Extent | 119, vii p. |
| Other physical details | 7 pl., 2 fold. maps (in pocket) |
| Dimensions | 23 cm. |
| 410 20 - SERIES STATEMENT/ADDED ENTRY--CORPORATE NAME [OBSOLETE, CAN/MARC], [LOCAL, USA] | |
| Corporate name or jurisdiction name as entry element | Geological Survey (U.S.). |
| Title of a work | Bulletin |
| Volume number/sequential designation | 532 |
| 504 ## - BIBLIOGRAPHY, ETC. NOTE | |
| Bibliography, etc. note | "Recent Survey publications on Alaska": p. i-viii. |
| 650 #0 - SUBJECT ADDED ENTRY--TOPICAL TERM | |
| Topical term or geographic name entry element | Geology |
| Geographic subdivision | Alaska. |
No items available.